Statistics for Video Game Franchises | #3

Click here to take the quiz!

General Stats

  • This quiz has been taken 46 times
  • The average score is 13 of 30

Answer Stats

YearGamesFranchise% Correct
2009Asylum, Origins, KnightBatman: Arkham
90%
2004Redemption, RevolverRed Dead
90%
1994Hot Pursuit, Most Wanted, RivalsNeed for Speed
88%
1987Solid Snake, Solid, Peace WalkerMetal Gear
86%
2009Garden Warfare, It's About TimePlants vs. Zombies
86%
1997Shelter, New Vegas, 4Fallout
74%
2002Up Your Arsenal, Deadlocked, Size MattersRatchet & Clank
74%
2007Drake's Fortune, Among Thieves, Drake's DeceptionUncharted
69%
2012400 Days, Season One and Two, MichonneThe Walking Dead
55%
1998Nuts & Bolts, Grunty's RevengeBanjo-Kazooie
48%
1996Hellfire, II, III, Reaper of SoulsDiablo
45%
2007Tower Defense, Super MonkeyBloons
43%
19924, X, Deception, Armageddon, Deadly AllianceMortal Kombat
43%
1995Origins, Legends, Hoodlum HavocRayman
43%
20042, 3, 4, Instincts, Blood DragonFar Cry
40%
2005II, Betrayal, Ascension, Ghost of SpartaGod of War
40%
2000Fusion, HD, EvolutionTrials
40%
1987X, Legends, Star ForceMega Man
38%
2002U.S. Navy SEALs, II, 3, 4SOCOM
36%
2002Pandora Tomorrow, Chaos Theory, Conviction, BlacklistTom Clancy's Splinter Cell
36%
2000Human Revolution, Invisible War, The FallDeus Ex
33%
2006Fall of Man, Burning Skies, RetributionResistance
26%
2001II, Guerrilla, ArmageddonRed Faction
24%
2006TV Party, Go Home, Alive and Kicking, LandRaving Rabbids
19%
2007Shadow of Chernobyl, Clear Sky, Call of PripyatS.T.A.L.K.E.R
19%
1998II: The Enhanced Edition, Tales of the Sword Coast, Dark AllianceBaldur's Gate
12%
1997Door to Phantomile, Lunatea's VeilKlonoa
12%
20012: Pirate's Cove, 3, 4, 5Tropico
10%
20011, The 2nd Runner, The Fist of MarsZone of the Enders
7%
2001The Return of Werdna, Bane of the Cosmic ForgeWizardry
5%

Score Distribution

Percentile by Number Answered

Percent of People with Each Score

Your Score History

You have not taken this quiz